Legislació i jurisprudència de Catalunya / Acadèmia de Jurisprudència i Legislació de Catalunya
Descripción Física:
24 cm
MARC
| LEADER | 00000nam a2200000Ia 4500 | ||
|---|---|---|---|
| 001 | 13484, 13485, 13486, 13487, 13488, 13489, 13490, 13491, 13492, 13493 | ||
| 008 | 160829s9999 xx 000 0 cat d | ||
| 080 | |a Revistes | ||
| 245 | |a Legislació i jurisprudència de Catalunya / Acadèmia de Jurisprudència i Legislació de Catalunya | ||
| 260 | |a [Barcelona] : |b l'Acadèmia, [1924?] - (Barcelona : |b Impr. de la Casa de Caritat) | ||
| 300 | |a 24 cm | ||
| 590 | |a Mensual. | ||
| 590 | |a Descripció basada en: Maig 1934 | ||
| 650 | |a Legislació |x Catalunya |x Revistes |9 39673 | ||
| 650 | |a Jurisprudència |x Repertoris |x Catalunya |x Revistes |9 35799 | ||
| 710 | 2 | |a Acadèmia de Jurisprudència i Legislació de Catalunya |9 55092 | |
| 866 | |a 1934 (maig-desembre), 1935 (gener-abril) | ||
| 901 | |a Arxiu | ||
| 942 | |n 1 | ||
| 952 | |0 0 |1 0 |4 0 |6 REVISTES |7 1 |9 47075 |a Arxiu |b Arxiu |d 2016-12-01 |l 0 |o Revistes |p 13484, 13485, 13486, |r 2016-12-01 00:00:00 |w 2016-12-01 |y ARXIU | ||
| 999 | |c 50869 |d 50869 | ||